00549nam a2200193Ia 4500008004100000020001800041082000800059100001900067245003400086250000600120260003900126300001500165500002400180650001000204700002700214942000700241952009000248999001700338230524s9999 xx 000 0 und d a9789382332565 bBHA aS.S.Bhavikatti 0aBuilding Planning and Drawing a1 aNew DelhibI.K.Internationalc2014 a"XI,259p;" aQuantity Number: 1 aCivil aM.V Chitawadagi942920 cBK 00104070aTATCLbTATCLcGENd2023-05-24l0o BHAp54180r2023-05-24w2023-05-24yBK c57887d57887